000 00598nam a22001697a 4500
003 OSt
005 20260409102829.0
008 260409b |||||||| |||| 00| 0 eng d
040 _cMRSPTU
041 _aEnglish
100 _aManveer Kaur Supervisor: B. S. Toor,
245 _aEffect of Thermal and Bioprocessing Technique on the Nutritional and Functional Characteristics of Pigeon Pea
260 _bDepartment of Food Science & Technology, MRSPTU, Bathinda
_c2025
650 _aFood Science & Technology
856 _uhttp://163.47.215.52:8080/jspui/handle/123456789/913
942 _2ddc
_cTH
_n0
999 _c11426
_d11426